❔Qui sont ces"meufs mythiques"? du livre"Mythes & Meufs" par B.Sabbah - Statistiques

Statistiques générales
  • Ce quiz a été pris 66 fois
  • Le résultat moyen est 16 sur 21
Statistiques - réponses
Hint Réponse % Correct
Dans la mythologie grecque, de redoutables guerrières. Elles apparaissent pour la première fois dans l’Iliade, vers le VIIIè siècle avant J.-C. (donc en -800!). Elles sont cavalières, archères, et vivent dans une société uniquement composée de femmes. Et elles ont bien deux seins!! Les Amazones
91%
Héroïne de l'histoire de France, cheffe de guerre, sainte de l’Église catholique, MAXI BADASS, née en 1412 et morte en 1431 Jeanne d'Arc
89%
Vice-Versa (ou Inside Out en anglais [,Sens dessus dessous au Québec]), sorti en 2015, raconte l'histoire de Riley, une ado de 11 ans, et des cinq émotions qui régissent sa vie. Son cerveau ressemble à un grand tableau de bord que les cinq émotions se partagent. L'histoire se concentre sur Joy, l'émotion principale, qui symbolise la nature enjouée de Riley. Et son conflit avec [un autre personnage féminin], timide et maladroite, dont elle ne comprend pas trop l'utilité. Sadness (Tristesse)
89%
On connaît tous ce conte qui nous vient d'une légende médiévale germanique, par la version des frères Grimm, de 1812, ou le dessin animé qu'en fait Walt Disney en 1938. Donc par des narrateurs 100% masculins. L'histoire est très similaire : [un personnage féminin], obsédée par son image, martyrise sa belle fille, qu'elle considère comme une rivale. Blanche-Neige & la méchante reine
87%
Un conte qui nous vient du Moyen Âge et de la tradition orale. Histoire d'une petite fille qui traverse la forêt pour rejoindre sa grand-mère et y croise le loup. Le Petit Chaperon rouge
87%
En 1995, les studios Disney sortent le dessin animé "[héroïne], une légende indienne". Une version très, très, TRÈS romancée d'un épisode de la colonisation anglaise aux Amériques. Selon le récit historique, elle est la fille du chef de son clan. Pocahontas
85%
Conte hérité du folklore médiéval, dans lequel un riche gentilhomme [ayant une caractéristique physique repoussante], prend pour épouse une jeune femme des environs. Il a déjà été marié mais nul ne sait ce que les précédentes épouses sont devenues. Barbe-Bleue
84%
Dans l'Ancien Testament, il est écrit que Dieu crée le premier homme avec de l'argile. Ensuite, à partir d'une de ses côtes, il crée la femme. Ils vivent dans le jardin d’Éden avec pour seule consigne de ne pas manger le fruit défendu. Ève (et Adam)
84%
Conte de l'écrivain Hans Christian Andersen paru en 1837, qui raconte un amour impossible entre [l'héroïne] et un prince humain. Adapté en 1989 par les studios Walt Disney en dessin animé. La Petite Sirène
84%
Son histoire débute et termine le livre des 1001 nuits. (Contes datant du VIIe au Xe siècle). Recueil de contes populaires issus des cultures perse, indienne et arabe. Shéhérazade
84%
Personnage récurrent des contes de fées, qui préside à la naissance de l'héroïne (ou héros) et qui l'aide tout au long de son aventure. C'est un personnage positif et protecteur doté de puissants pouvoirs. À l'origine, personnages inspirées des Moires, divinités grecques maîtresses de la destinée humaine, qui tissent ou coupent les fils de la vie. Marraine la bonne fée
80%
Histoire de deux sœurs aux prises avec leurs pouvoirs et leurs sentiments. La Reine des neiges (film Disney de 2013)
78%
Charles d’[...] de Beaumont, est un personnage historique, espion et diplomate sous Louis XV. Et probablement l'une des premières personnalités trans françaises. (1728-1810). Le chevalier d’Éon
76%
Reine d'Ithaque. Personnage primordial de l'Odyssée, d'abord identifiée par ses relations familiales avec des hommes : fille d'Icarios, mère de Télémaque et épouse d'Ulysse. Pénélope
76%
Nymphe d'une très grande beauté, fille du dieu fleuve Pénée.(son nom signifie "laurier" en grec ancien.) Daphné
65%
Personnage d'un film de Michel Ocelot sorti en 1998. Décrite comme une mangeuse d'hommes. Karaba (la sorcière)
65%
Souveraine de l'actuelle Éthiopie et du Yémen, sa légende figure dans le Tanakh (Bible hébraïque), la Bible et le Coran. Réputée d'une grande beauté et d'une intelligence redoutable elle aurait pacifié par le fer les royaumes alentours. La reine de Saba
65%
Son mythe provient de la Grèce archaïque et n'a cessé, comme elle, de se métamorphoser. À l'origine, une ravissante jeune femme aux magnifiques boucles d'or. Méduse
60%
Dans l'Ancien Testament, jeune juive d'une très grande beauté, qui vit dans la ville de Béthulie, dans le royaume d'Israël Judith
56%
Divinité mésopotamienne devenue figure démoniaque dans la tradition juive. Selon les textes hébraïques, première femme d'Adam, créée dans la même argile que lui. Lilith
56%
Déesse mère. Son nom signifie "gardienne des savoirs", elle est une ancienne divinité phrygienne adoptée par les Grecs puis par les Romains. C'est la déesse de la nature, de la terre et de la fertilité. Abandonnée à la naissance, elle est recueillie et élevée par un léopard. Cybèle
53%
Aucun quiz correspondant
Distribution des résultats
% des personnes avec chaque résultat
Percentile par nombre de réponses
Votre historique - résultats
Vous n’avez pas pris ce quiz